| 000 | 00940nam a2200265 a 4500 | ||
|---|---|---|---|
| 001 | 000022933 | ||
| 005 | 20200930021859.0 | ||
| 008 | 101123s1972 sp r 000 j spa d | ||
| 040 |
_aDO-SdBNP _bspa _cBNPHU |
||
| 041 | 1 | 7 |
_aspa _heng _2Código de idioma MARC |
| 082 |
_a863.62 _bB113c |
||
| 100 | 1 |
_aBábel, Isabel _d1894-1941 _947149 |
|
| 240 | 1 | 0 |
_aOdesskie y druguie rasskazi. _lEspañol. |
| 245 | 1 | 0 |
_aCuentos de odesa y otros relatos / _cIsabel Bábel ; traducción de José Fernández Sánchez. |
| 260 |
_aMadrid, (España) : _bAlianza Editorial, _c1972. |
||
| 300 |
_a190 p. ; _c18 cm. |
||
| 490 | 1 |
_aEl libro de bolsillo _v376 |
|
| 490 | 1 | _aLiteratura | |
| 534 |
_aTítulo original: _tOdesskie y druguie rasskazi |
||
| 650 | 4 |
_aCuentos españoles _93194 |
|
| 650 | 4 |
_aLiteratura española _9632 |
|
| 700 | 1 |
_aFernández Sánchez, José _etr. _947150 |
|
| 830 | 0 |
_aEl libro de bolsillo ; _pLiteratura, _v376 _98060 |
|
| 049 | _aBNGR | ||
| 999 |
_c22430 _d22430 |
||